000 00848cab a2200277 4500
001 WB2927-28
008 090401t1993 xxu||||| |||| 00| 0 eng d
035 _a(Sirsi) u72171
041 _aeng
245 _aLandlords win trout fishing test case
260 _c1993
350 _a0
490 _aHerald
_v9 July 1993, 2(1)
520 _aAngler failed to win a test case to establish the `historic right` of Scots to fish for trout in public rivers. A Court of Sessions decision upheld the landlord`s bid to ban him from fishing a stretch of the River Spey.
650 _aFISHING RIGHTS
650 _aHISTORIC RIGHT
650 _aPUBLIC RIVERS
650 _aSALMON FISHING
650 _aSCOTLAND
650 _aSCOTS LAW
650 _aTEST CASE
650 _aTROUT FISHING
690 _aLAND
942 _n0
948 _c04/03/1997
999 _c45557
_d45557